Detroit: Become Human Characters - Statistics

General Stats
  • This quiz has been taken 735 times
  • The average score is 18 of 31
Answer Stats
Answer % Correct
Connor
98%
Kara
97%
Hank Anderson
96%
Markus
96%
Alice
94%
North
93%
Luther
88%
Simon
88%
Josh
80%
Gavin Reed
71%
Todd Williams
70%
Carl Manfred
66%
Rose Chapman
62%
Jerry
58%
Elijah Kamski
54%
Daniel
53%
Leo Manfred
53%
Amanda Stern
49%
Adam Chapman
47%
Lucy
46%
Ralph
42%
Zlatko Andronikov
42%
Chloe
40%
Jeffrey Fowler
36%
'Traci'
36%
John
34%
Rupert
30%
Richard Perkins
29%
Chris Miller
27%
Ben Collins
16%
President Cristina Warren
12%
No matching quizzes found
Score Distribution
Percent of People with Each Score
Percentile by Number Answered
Your Score History
You have not taken this quiz